Ký ức Nam Ban : Ký, ghi chép

Spremljeno u:
Bibliografski detalji
Glavni autor: Trần, Ngọc Trác
Format: Knjiga
Jezik:Undetermined
Izdano: Hà Nội Hội nhà văn 2020
Teme:
Oznake: Dodaj oznaku
Bez oznaka, Budi prvi tko označuje ovaj zapis!
Thư viện lưu trữ: Trung tâm Học liệu Trường Đại học Cần Thơ
LEADER 00542nam a2200193Ia 4500
001 CTU_239716
008 210402s9999 xx 000 0 und d
082 |a 895.922803 
082 |b Tr101 
100 |a Trần, Ngọc Trác 
245 0 |a Ký ức Nam Ban : 
245 0 |b Ký, ghi chép 
245 0 |c Trần Ngọc Trác 
260 |a Hà Nội 
260 |b Hội nhà văn 
260 |c 2020 
650 |a Tự truyện,Autobiographies 
910 |b nthai 
980 |a Trung tâm Học liệu Trường Đại học Cần Thơ